Cultura, religión, sociedad: diagnóstico en ABC y El País, 2007-2017
Uloženo v:
| Hlavní autor: | |
|---|---|
| Médium: | Kniha |
| Jazyk: | španělština |
| Vydáno: |
Madrid
PPC
2018
|
| Vydání: | 1a. ed |
| Edice: | Actualidad
|
| Témata: | |
| Tagy: |
Přidat tag
Žádné tagy, Buďte první, kdo vytvoří štítek k tomuto záznamu!
|
MARC
| LEADER | 00000cam a2200000 a 4500 | ||
|---|---|---|---|
| 001 | UCC5374 | ||
| 003 | CL-VaPUC | ||
| 008 | 181005e20180000sp |||||||||||||||||spa|d | ||
| 020 | |a 9788428832700 | ||
| 082 | 0 | 4 | |a 261.1 |b GON |2 21 |
| 100 | 0 | |a González de Cardedal, Olegario |e author |9 495813 | |
| 245 | 1 | 0 | |a Cultura, religión, sociedad: diagnóstico en ABC y El País, 2007-2017 |
| 250 | |a 1a. ed | ||
| 300 | |a 359 p | ||
| 942 | |c BK | ||
| 945 | |d 20181005 11:02:00 |a dcastane | ||
| 260 | |a Madrid |b PPC |c 2018 | ||
| 650 | 0 | |a Doctrina social de la iglesia |9 257333 | |
| 650 | 0 | |a Ciudadanía |9 258339 | |
| 650 | 0 | |a Problemas sociales |9 258537 | |
| 650 | 0 | |a Iglesia Católica |9 256114 | |
| 583 | |a last modification |c 20181005 11:02:00 |k Rodrigo Vera | ||
| 490 | 0 | |a Actualidad | |
| 999 | |c 372627 |d 372625 | ||
| 952 | |0 0 |1 0 |3 erb |4 0 |6 261_100000000000000_GON_2018 |7 0 |8 A |9 490322 |a BIBTEO |b BIBTEO |i 5505178 |o 261.1 GON 2018 |p 5505178 |r 2025-01-17 |w 2019-11-24 |y BK |z Catalogado en:20181005 |k ICR | ||